Modern concepts on water resources (Record no. 1335)

000 -LEADER
fixed length control field 00600nam a22002177a 4500
001 - CONTROL NUMBER
control field 1335
003 - CONTROL NUMBER IDENTIFIER
control field BD-DhUET
008 - FIXED-LENGTH DATA ELEMENTS--GENERAL INFORMATION
fixed length control field 140903b xxu||||| |||| 00| 0 eng d
020 ## - INTERNATIONAL STANDARD BOOK NUMBER
International Standard Book Number 9848090309
040 ## - CATALOGING SOURCE
Original cataloging agency 0
Transcribing agency 0
Modifying agency BD-DhUET
082 ## - DEWEY DECIMAL CLASSIFICATION NUMBER
Classification number 628.16068095492
Item number FAI/2007
100 ## - MAIN ENTRY--PERSONAL NAME
Personal name Faisal Hossain
245 ## - TITLE STATEMENT
Title Modern concepts on water resources
Statement of responsibility, etc. by Faisal Hossain,Md. Delawer Hossain
250 ## - EDITION STATEMENT
Edition statement Ist ed.
260 ## - PUBLICATION, DISTRIBUTION, ETC. (IMPRINT)
Place of publication, distribution, etc. Dhaka
Name of publisher, distributor, etc. UGC,
Date of publication, distribution, etc. 2007
300 ## - PHYSICAL DESCRIPTION
Extent xv,222p.
504 ## - BIBLIOGRAPHY, ETC. NOTE
Bibliography, etc Includes bibliographies
650 #0 - SUBJECT ADDED ENTRY--TOPICAL TERM
Topical term or geographic name as entry element Water resources management
Geographic subdivision Bangladesh
700 ## - ADDED ENTRY--PERSONAL NAME
Personal name Delawer Hossain, Md.
942 ## - ADDED ENTRY ELEMENTS (KOHA)
Koha item type General Book
Holdings
Koha full call number Koha date last seen Lost status Price effective from Koha normalized classification for sorting Not for loan Sublocation or collection (holding branch) Piece designation (barcode) Location (home branch) Shelving location Withdrawn status Damaged status Date acquired Source of classification or shelving scheme Copy number Koha item type
628.16068095492/FAI/20072014-09-03 2014-09-03628_160680954920000_FAI_2007 Central Library, BUET103500Central Library, BUETCirculation section  2014-09-03 1General Book
628.16068095492/FAI/20072014-09-03 2014-09-03628_160680954920000_FAI_2007 Central Library, BUET103501Central Library, BUETCirculation section  2014-09-03 2General Book
628.16068095492/FAI/20072014-09-03 2014-09-03628_160680954920000_FAI_2007 Central Library, BUET103502Central Library, BUETCirculation section  2014-09-03 3General Book
628.16068095492/FAI/20072014-09-03 2014-09-03628_160680954920000_FAI_2007 Central Library, BUET103503Central Library, BUETCirculation section  2014-09-03 4General Book
628.16068095492/FAI/20072014-09-03 2014-09-03628_160680954920000_FAI_2007 Central Library, BUET103504Central Library, BUETCirculation section  2014-09-03 5General Book
628.16068095492/FAI/20072014-09-03 2014-09-03628_160680954920000_FAI_2007 Central Library, BUET103505Central Library, BUETCirculation section  2014-09-03 6General Book
628.16068095492/FAI/20072014-09-03 2014-09-03628_000000000000000_1606809549 Central Library, BUET103506Central Library, BUETCirculation section  2014-09-03 7General Book
628.16068095492/FAI/20072014-09-03 2014-09-03628_000000000000000_1606809549 Central Library, BUET103507Central Library, BUETCirculation section  2014-09-03 8General Book
628.16068095492/FAI/20072014-09-03 2014-09-03628_160680954920000_FAI_2007 Central Library, BUET103508Central Library, BUETCirculation section  2014-09-03 9General Book
628.16068095492/FAI/20072014-09-03 2014-09-03628_000000000000000_1606809549 Central Library, BUET103509Central Library, BUETCirculation section  2014-09-03 10General Book
628.16068095492/FAI/20072016-07-26 2016-07-26628_160680954920000_FAI_2007 Central Library, BUET114242Central Library, BUETCirculation section  2016-07-26 11General Book
628.16068095492/FAI/20072016-07-26 2016-07-26628_160680954920000_FAI_2007 Central Library, BUET114243Central Library, BUETCirculation section  2016-07-26 12General Book